000 00718nam a2200241Ia 4500
003 OSt
005 20220925202117.0
006 a|||||r|||| 00| 0
007 ta
008 220923b |||||||| |||| 00| 0 eng d
020 _a0195637569
037 _cGeneral Book
040 _aRTL
_cRTL
_beng
041 _2eng
_aeng
082 _aV2y7M20:g, N6
100 _aHatcher Brian A
_928190
245 0 _aIdioms of improvement
_b Vidyasagar and cultural encounter in Bengal
260 _aDelhi
_bOxford University Press India
_c1996
300 _axviii,307p. Bib p.275-91
_ccm.
650 _aIndian History
942 _hV2y7M20:g, N6
_cGB
_2CC
999 _c542522
_d542522